00978nas a2200229Ia 4500001001100000003000900011008004100020040001300061040001300074041001300087100004200100210000900142222000900151245012800160250001100288260002200299501008600321300001900407362003300426500024600459650004300705R115/44736IT-RoPAU151124c99999999xx |||||||||||| ||und|| aIT-RoPAU cIT-RoPAU aITALIANO aArena MaurogCodice Aut. SPICS: 27290 aEDAV aEdav aEDAV, ANNO 03-N.027 (MARZO 1975)bParola E L'Immagine Nell'Insegnamento (La): Analisi Semiologica E Riflessi Pedagogici (1) a1a ed. aROMAbCISCSc1975 bPaulus - SPICS - Società San Paolo EM (non-commercial uses only)cCopyright2015 a2 p. [436-437] aANNO 003, N.027 (MARZO 1975) aPrima Parte dell'Articolo con L'Inquadramento Teorico del Problema, Distinguendo Dal Punto di Vista Semiologico i Due Differenti Segni Nell'Ambito del Processo di Comunicazione. Analisi Concettuale e Contornuale. Identificazione Concettuale. aCOMUNICAZIONEvPUBBLICAZIONE PERIODICA